000 00765cam a2200241Mi 4500
008
020 _a9781864704686 (hbk.)
049 _aMAIN
090 _aNA40
_bDDG
100 _aDDG (Firm).
245 0 _aDDG :
_bThe master architect series revisited 2.0 select + current works /
_cDesign Development Group.
260 _aMulgrave (Australia) :
_bThe Images,
_c2014.
300 _a256 p. :
_bcol. ill. ;
_c29 cm.
440 _aThe master architect series revisited 2.0.
610 2 0 _aDDG (Firm).
650 0 _aArchitecture
_y21st century.
650 0 _aArchitecture
_y20th century.
907 _a.b10374176
_b02-06-16
_c02-06-16
003
005 20230123122219.0
040 _cNUST
942 _cBOOKS
_kNA40
_mDDG
999 _c129791
_d129791